000 00237 a2200097 4500
020 _a9789332556577
100 _aDavid T. Allen
245 _aSustainable engineering: concepts, design, and case studies
260 _bPearson
942 _cOO
999 _c115580
_d115579